Hlavné mesto Európy

Stručná charakteristika Belgicka. Brusel - belgická metropola - sídlo popredných mezinárodných organizácií. V počte diplomatických zastúpení jednotlivých krajín sveta stojí hneď za Washingtonom. Ako zarábajú úradníci v Bruseli. Belgicko plne využíva prínosy európskej integrácie.

Salvato in:
Dettagli Bibliografici
Autore principale: Hašková, Danka
Natura: Capitolo di libro
Lingua:slovacco
Soggetti:
Tags: Aggiungi Tag
Nessun Tag, puoi essere il primo ad aggiungerne!!

MARC

LEADER 00000naa$a2200000$$$4500
001 0002002
005 20230920090924.9
041 0 |a slo 
044 |a SK 
245 1 0 |a Hlavné mesto Európy  |c aut. Danka Hašková 
520 |a Stručná charakteristika Belgicka. Brusel - belgická metropola - sídlo popredných mezinárodných organizácií. V počte diplomatických zastúpení jednotlivých krajín sveta stojí hneď za Washingtonom. Ako zarábajú úradníci v Bruseli. Belgicko plne využíva prínosy európskej integrácie. 
610 2 0 |a Belgicko 
610 2 0 |a mestá 
610 2 0 |a integrácia ekonomická 
100 1 |a Hašková, Danka